000 00850nam a2200217Ia 4500
008 0000002016 usad 0000000000eng00
020 _a9781495130151
090 _aPSP00 J65e
100 1 _aJohnson, Eren
245 1 0 _aEsteban Vicente
_c/ by Eren Johnson ; photography by Christopher Burke
300 _a56 p.
_c/ 27 cm.
500 _aExposición realizada en Ameringer McEnery Yohe de Nueva York entre el 21 de abirl y el 21 de mayo de 2016 \ Incluye datos biográficos y cronología artística \ Texto en inglés
600 0 0 _a VICENTE, ESTEBAN, 19032001/
_xTRABAJOS PICTORICOS
650 1 4 _aARTE CONTEMPORANEO ESPAÑOL
650 1 4 _xCATALOGOS
650 1 4 _aCOLLAGE
650 1 4 _xEXPOSICIONES
650 1 4 _aPINTORES ESPAÑOLES
650 1 4 _aPINTURA ESPAÑOLA
999 _c16517
_d16517
260 _aNew York : Ameringer McEnery Yohe
_c, 2016